[Event "Ruhrgebiet VK playoff 0405"]
[Site "Ruhrgebiet"]
[Date "2005.06.05"]
[Round "2.8"]
[White "Hofmann, Uwe"]
[Black "Benke, Werner"]
[Result "1-0"]
[WhiteElo "1655"]
[BlackElo "1616"]
[PlyCount "77"]
[EventDate "2005.05.08"]
[EventType "team"]
[EventRounds "3"]
[EventCountry "GER"]
[SourceTitle "EXT 2006"]
[Source "ChessBase"]
[SourceDate "2005.11.24"]
[SourceVersion "1"]
[SourceVersionDate "2005.11.24"]
[SourceQuality "1"]
[WhiteTeam "Ruettenscheid Rochade"]
[BlackTeam "Eving SV Rochade"]
[WhiteTeamCountry "GER"]
[BlackTeamCountry "GER"]

1. e4 e5 2. c4 c5 3. Nc3 Nf6 4. d3 h6 5. g3 d6 6. Bg2 Nc6 7. Nge2 Be7 8. 0-0 Nd4 9. h3 Nh7 10. Nxd4 cxd4 11. Nd5 Be6 12. f4 Bxd5 13. exd5 0-0 14. Kh2 Rb8 15. b3 b6 16. Rb1 Qd7 17. Rb2 a6 18. Re2 f6 19. Ref2 Rbd8 20. Qh5 Qe8 21. Qf5 Qd7 22. Qg6 Qe8 23. Qg4 Qd7 24. Qe2 Rfe8 25. Qh5 Rf8 26. h4 Qe8 27. Qf5 Qd7 28. Qg6 Qe8 29. f5 Kh8 30. Qg4 Rg8 31. Qe4 Qf7 32. Bf3 Rb8 33. Qe2 Rgd8 34. Bh5 Qg8 35. Bg6 Nf8 36. Qh5 Nxg6 37. fxg6 Qf8 38. g4 Qg8 39. Bxh6 1-0